000
00308 a2200145 4500
001
48635
040
_c
Anchieta - Bela Vista
100
_a
Kondo, André
240
1
0
_a
O pequeno samurai
_l
por
245
1
0
_a
O pequeno samurai
300
_a
61
362
0
_a
2014
650
4
_a
Literatura juvenil
942
_c
BK
999
_c
48635
_d
48635